=LDR 00000nam 2200000 4500 =001 INLIS000000000039477 =005 20130612145113 =008 ***********************************ind** =035 ##$$0010-061300000039477 =041 ##$$a ind =082 ##$$a 611 =090 ##$$a 611, eRN Q =100 ##$$a ERNEST, W.a =245 ##$$a Quiqk revie anatomi klinik disertai contoh kasus kluruh, Ernest w. A;Alih bahasa, Santoso gunandi...[Et.Al] =260 ##$$a 2007 $b Jakarta =300 ##$$a 6a... Jil, Ilus, 24 cm =650 ##$$a ANATOMI KLINIK =700 ##$$a GUNARDI, Santoso =850 ##$$a NBPNMAT =990 ##$$a 0001/BPAP-NTB/2015